الإنحراف الإجتماعى : الأنماط والتكلفة /
تعمل الدول النامية جاهدة لتحقيق تقدم يعوضها عن الحقبة التي تخلفت فيها عن ركب التقدم الذي سارت فيه الدول المتقدمة ورغم حرص تلك الدول الشديد على تحقيق مزيد من النمو والتطور في مختلف مجالات الحياة الاجتماعية والاقتصادية والتربوية....
Saved in:
| 主要作者: | |
|---|---|
| 格式: | 图书 |
| 语言: | 阿拉伯语 |
| 出版: |
الإسكندرية :
المكتبة المصرية للطباعة والنشر والتوزيع،
2004.
|
| 版: | ط. 1. |
| 主题: | |
| 在线阅读: | http://dar.bibalex.org/webpages/mainpage.jsf?PID=DAF-Job:281303 |
| 标签: |
添加标签
没有标签, 成为第一个标记此记录!
|
MARC
| LEADER | 00000nam a2200000 a 4500 | ||
|---|---|---|---|
| 003 | INP | ||
| 005 | 20181115121756.0 | ||
| 008 | 130106s2004 ua frb 000 0 ara d | ||
| 952 | |0 0 |1 0 |4 0 |6 301_600000000000000_ا_إ |7 0 |8 arabic_Boo |9 2248 |a INP |b INP |c MAIN |d 2018-03-18 |l 0 |o 301.6 ا إ |p 002070 |r 2019-06-27 00:00:00 |w 2018-03-18 |y BK |0 0 | ||
| 999 | |c 4992 |d 4992 | ||
| 040 | |a EG-INP |c EG-INP |b ara | ||
| 082 | 0 | 4 | |a 301.6 |b ا إ |2 21 |
| 100 | 1 | |a شتا، السيد على. | |
| 245 | 1 | 2 | |a الإنحراف الإجتماعى : |b الأنماط والتكلفة / |c السيد على شتا. |
| 250 | |a ط. 1. | ||
| 260 | |a الإسكندرية : |b المكتبة المصرية للطباعة والنشر والتوزيع، |c 2004. | ||
| 300 | |a 360 ص. ؛ |c 24 سم. | ||
| 504 | |a يشتمل على إرجاعات ببليوجرافية (ص. 357-360). | ||
| 520 | |a تعمل الدول النامية جاهدة لتحقيق تقدم يعوضها عن الحقبة التي تخلفت فيها عن ركب التقدم الذي سارت فيه الدول المتقدمة ورغم حرص تلك الدول الشديد على تحقيق مزيد من النمو والتطور في مختلف مجالات الحياة الاجتماعية والاقتصادية والتربوية. | ||
| 650 | 7 | |a الانحراف. |2 qrmak | |
| 650 | 7 | |a الانحراف |x جوانب اجتماعية. |2 qrmak | |
| 650 | 7 | |a الانحطاط الاجتماعى. |2 qrmak | |
| 650 | 7 | |a السلوك الاجتماعي. |2 qrmak | |
| 856 | |u http://dar.bibalex.org/webpages/mainpage.jsf?PID=DAF-Job:281303 | ||
| 901 | |a EGPV4 | ||
| 902 | |a EGPV5 | ||
| 903 | |a copycat | ||
| 942 | |c BK |2 ddc | ||